Datum a čas kvízu
25
Celkem bodů
Celkový počet nahraných bodů na tomto kvízu bez doplňovacích otázek.
8.
Pořadí na kvízu
Konečné umístění týmu na tomto kvízu.
Zaznamenané odpovědi
| # | Otázka | Odpověď | Body | Výsledky |
|---|---|---|---|---|
| 1. | Jak se jmenuje náměstek pražsk... | Zdeněk Hřib | 1 | |
| 2. | Nebývá zvykem, aby politik zas... | Emily v Paříži/ Emily in Paris | 1 | |
| 3. | Minulý týden jsme se dozvěděli... | Kanye West, Bianca Censori | 0.5 | |
| 4. | Minulý týden byl představen no... | Bigster | 1 | |
| 5. | Jakub Vágner prožívá výjimečno... | sumec | 0 | |
| 6. | Hned na začátku tohoto tématu... | pekanové (0,5 b.), makadamové (1 b.) | 0 | |
| 7. | V úryvku textu populární české... | Skořápky ořechů, Marie Rottrová | 0 | |
| 8. | Jak se jedním kratším slovem n... | gola | 0 | |
| 9. | Který oříšek se na české Wikip... | muškátový | 0 | |
| 10. | Který z těchto výroků o pohádc... | A | 0 |